[Event "Hessen-ch op"]
[White "Petri, Klaus"]
[Black "Marth, Juergen"]
[Site "Baunatal"]
[Round "5"]
[Result "1-0"]
[Date "1999.03.28"]
[WhiteElo "2190"]
[BlackElo "2120"]
[PlyCount "139"]
[EventDate "1999.03.25"]
[EventType "swiss"]
[EventRounds "11"]
[EventCountry "GER"]
[SourceTitle "EXT 2000"]
[Source "ChessBase"]
[SourceDate "1999.11.16"]
[SourceVersion "1"]
[SourceVersionDate "1999.11.16"]
[SourceQuality "1"]

1. d4 Nf6 2. Nf3 b6 3. Bg5 Bb7 4. Nbd2 d5 5. e3 e6 6. Bd3 Be7 7. Qe2 0-0 8. c3 c5 9. 0-0 Nbd7 10. Rad1 Re8 11. Bb1 a5 12. Rfe1 Qc7 13. e4 Ba6 14. Bd3 Bxd3 15. Qxd3 dxe4 16. Nxe4 h6 17. Bh4 Nxe4 18. Qxe4 Bxh4 19. Qxh4 c4 20. Ne5 Nxe5 21. Rxe5 Red8 22. Rde1 Rd7 23. Qg3 Qc6 24. R1e4 Rad8 25. Rg4 g6 26. Qf4 Qa4 27. h3 Kg7 28. Rh5 Rh8 29. Qe5+ Kg8 30. Qb8+ Kg7 31. Qe5+ Kg8 32. Qb8+ Kg7 33. Qxb6 Qxa2 34. Rxa5 Qb1+ 35. Kh2 Qf1 36. Rf4 Rhd8 37. Ra7 Qc1 38. Rf3 Qg5 39. b3 cxb3 40. Rxd7 Rxd7 41. Qxb3 e5 42. Qb5 Re7 43. dxe5 Qxe5+ 44. Qxe5+ Rxe5 45. Kg3 Re2 46. Kf4 f5 47. Kg3 Kf6 48. Rd3 Rc2 49. Rd6+ Kf7 50. Rc6 Kg7 51. Kf3 h5 52. h4 Kf7 53. g3 Kg7 54. Ke3 Kf7 55. f3 Kg7 56. Kf4 Rg2 57. c4 Rg1 58. Rc7+ Kf6 59. Rc6+ Kf7 60. Rd6 Kg7 61. Rd3 Kh6 62. Rc3 Ra1 63. c5 Ra4+ 64. Ke5 Ra5 65. Kf6 Ra4 66. f4 Ra7 67. c6 Rc7 68. Ke6 Kg7 69. Kd6 Rf7 70. c7 1-0

[Event "Hessen-ch op"]
[White "Marth, Juergen"]
[Black "Wiegel, Joerg"]
[Site "Baunatal"]
[Round "4"]
[Result "1/2-1/2"]
[Date "1999.03.27"]
[WhiteElo "2120"]
[BlackElo "2032"]
[PlyCount "90"]
[EventDate "1999.03.25"]
[EventType "swiss"]
[EventRounds "11"]
[EventCountry "GER"]
[SourceTitle "EXT 2000"]
[Source "ChessBase"]
[SourceDate "1999.11.16"]
[SourceVersion "1"]
[SourceVersionDate "1999.11.16"]
[SourceQuality "1"]

1. Nf3 g6 2. g3 Bg7 3. Bg2 e5 4. d3 Ne7 5. 0-0 Nbc6 6. c3 a5 7. a4 d6 8. Nbd2 h6 9. e4 Be6 10. b3 Qd7 11. Nc4 f5 12. Nfd2 0-0 13. Bb2 f4 14. f3 h5 15. Qe2 Kh7 16. Qf2 Ng8 17. Rfd1 Nh6 18. gxf4 Rxf4 19. Qe2 Raf8 20. Rf1 g5 21. Ne3 Qf7 22. Ndc4 Qg6 23. Rad1 g4 24. fxg4 Nxg4 25. Nd5 Rf2 26. Rxf2 Rxf2 27. Qxf2 Nxf2 28. Kxf2 Bh6 29. Bc1 h4 30. Bf3 Qf7 31. Bxh6 Kxh6 32. Rg1 Nd8 33. Ke2 c6 34. Nde3 Qf8 35. Bg4 b5 36. Bxe6 Nxe6 37. Nf5+ Kh7 38. Ncxd6 bxa4 39. bxa4 Qb8 40. Rg4 Qb2+ 41. Kf3 Qb1 42. Rxh4+ Kg8 43. Ne7+ Kg7 44. Rg4+ Kh7 45. Rh4+ Kg7 1/2-1/2

[Event "Hessen-ch op"]
[White "Mueller, Achim"]
[Black "Marth, Juergen"]
[Site "Baunatal"]
[Round "3"]
[Result "1-0"]
[Date "1999.03.27"]
[WhiteElo "2185"]
[BlackElo "2120"]
[PlyCount "65"]
[EventDate "1999.03.25"]
[EventType "swiss"]
[EventRounds "11"]
[EventCountry "GER"]
[SourceTitle "EXT 2000"]
[Source "ChessBase"]
[SourceDate "1999.11.16"]
[SourceVersion "1"]
[SourceVersionDate "1999.11.16"]
[SourceQuality "1"]

1. e4 d5 2. exd5 Qxd5 3. Nc3 Qa5 4. Bc4 c6 5. Qf3 Nf6 6. Nge2 Bg4 7. Qf4 e6 8. 0-0 Be7 9. Ng3 Nbd7 10. d4 Bh5 11. Nxh5 Qxh5 12. Bd2 0-0 13. Rfe1 Bb4 14. Rad1 Bxc3 15. bxc3 Qa5 16. Bd3 Rac8 17. c4 Qc7 18. Qh4 g6 19. Bg5 Nh5 20. c5 Rfe8 21. Re3 Nf8 22. g4 Ng7 23. Bf6 Nd7 24. Bg5 e5 25. Rh3 h5 26. Be2 exd4 27. gxh5 Nf5 28. Qg4 Rxe2 29. Qxe2 Nxc5 30. hxg6 Ne6 31. Qh5 fxg6 32. Qh8+ Kf7 33. Qf6+ 1-0